MARC

LEADER 00000nam0a2200000 4500
001 298946
005 20231101003831.0
035 |a (RuTPU)RU\TPU\book\324097 
090 |a 298946 
100 |a 20150623d1982 km y0rusy50 ca 
101 0 |a rus 
102 |a RU 
105 |a a z 001zy 
200 1 |a Эффективность научной деятельности в СССР: Методологический аспект  |f А. И. Щербаков 
210 |a Москва  |c Экономика  |d 1982 
215 |a 224 с.  |c ил. 
320 |a Библиография в ссылках. 
606 1 |a Научно-исследовательская работа  |2 stltpush  |3 (RuTPU)RU\TPU\subj\45140 
610 1 |a эффективность 
610 1 |a наука 
610 1 |a научная деятельность 
610 1 |a научные результаты 
610 1 |a использование 
610 1 |a народное хозяйство 
610 1 |a социальная эффективность 
610 1 |a интенсификация 
610 1 |a научный процесс 
610 1 |a научные коллективы 
610 1 |a планирование 
686 |a Ч215  |v LBC/SL-A  |2 rubbk 
700 1 |a Щербаков  |b А. И.  |g Александр Иванович 
801 1 |a RU  |b 63413507  |c 20150623 
801 2 |a RU  |b 63413507  |c 20180928  |g RCR 
942 |c BK